01117nam a22002177a 45000010005000000030006000050050017000110080041000280200018000690400029000870500008001161000019001242450094001432600055002373000064002924900029003565050008003855200457003935210029008505210020008797790FISKH20250806161237.0250806b cb ||||| |||| 00| 0 eng d a9780007254163 aFISKHbengcFISKHdFISKH aPZ7 aChapman, Keith aRock-A-Bye Stingo : bcan cottonsocks send Stingo to sleep ? /cCreated by Keith Chapman  aLondon :bHarperCollins Children's Books , c2007. a32 unnumbered pages : bcolor illustrations ;c22 X22 cm .  aFifi and the flowertots  aK  aA new Fifi and the Flowertots read-to-me story, beautifully illustrated with photographic images and an activity to do afterwards!Stingo has stolen Fifi's favourite cuddly bunny, Cottonsocks!The problem is, Fifi can't sleep without him. Do you think Stingo will give him back or will Fifi's friends have to find a way to bribe the naughty wasp?Another beautifully illustrated Fifi and the Flowertots story featuring full colour images from the TV show.8 a510 bLexile estimate 8 aK bRaz-Plus